|
|
|
|
| LEADER |
00596nam a22002051a 4500 |
| 001 |
c000416782 |
| 003 |
CARM |
| 005 |
00000000000000.0 |
| 008 |
960703s1936 enka 00010 eng d |
| 035 |
|
|
|a (OCoLC)3469138
|
| 035 |
|
|
|a (vdu).b15821079
|
| 040 |
|
|
|a VDU
|c VDU
|
| 050 |
0 |
0 |
|a DA573
|b .B75
|
| 082 |
0 |
4 |
|a 941.083092
|
| 100 |
1 |
|
|a Bryant, Arthur,
|d 1899-1985.
|
| 245 |
1 |
0 |
|a George V.
|
| 260 |
|
|
|a London :
|b P. Davies,
|c 1936.
|
| 300 |
|
|
|a 181p :
|b ill ;
|c 20cm.
|
| 600 |
0 |
0 |
|a George
|b V,
|c King of Great Britain,
|d 1865-1936.
|
| 999 |
f |
f |
|i 421a9fa0-3f4e-57c3-ae20-43f4ade815cd
|s 3b7b55f0-e306-517d-b923-6d270c66b88a
|